| 000 | 00774cab a2200229 4500 | ||
|---|---|---|---|
| 001 | WB3510-33 | ||
| 008 | 090401t1999 xxu||||| |||| 00| 0 eng d | ||
| 035 | _a(Sirsi) u92000 | ||
| 041 | _aeng | ||
| 245 | _aNew powers to settle rights of way disputes locally | ||
| 260 | _c1999 | ||
| 350 | _a0 | ||
| 490 |
_aDaily Telegraph _v10 March 1999, 4(1) |
||
| 520 | _aThe government is expected to approve Countryside Commission proposals to give local authorities greater powers to resolve disputes over rights of way, as part of its new access legislation. | ||
| 650 | _aCOUNTRYSIDE COMMISSION | ||
| 650 | _aDISPUTES | ||
| 650 | _aLOCAL AUTHORITIES | ||
| 650 | _aRIGHTS OF WAY | ||
| 690 | _aHIGHWAYS RIGHTS OF WAY AND EASEMENTS | ||
| 942 | _n0 | ||
| 948 | _c11/03/1999 | ||
| 999 |
_c58340 _d58340 |
||